A hope for philosophy : the European path and Chinese opportunity

Saved in:
Bibliographic Details
Main Author: XIUSHAN,Ye
Format: Book
Language:English
Published: Routledge 2023
Tags: Add Tag
No Tags, Be the first to tag this record!

MARC

LEADER 00000nam a22000007a 4500
008 240723b |||||||| |||| 00| 0 eng d
020 |a 9781032248141 
100 |a XIUSHAN,Ye 
245 |a A hope for philosophy  |b  : the European path and Chinese opportunity  |c  / Ye Xiushan  |e China perspectives  |g 132p 
260 |b Routledge  |c 2023  |h London  |i 702273  |i 702274  |l B99.Xi4  |m Philosophy, European--History  |m  Philosophy, Chinese--History 
500 |a it includes index 
942 |a lcc  |c BK  |e Johnson 
952 |0 0  |1 0  |2 lcc  |4 0  |6 B0099 X I4  |7 0  |9 5410  |a ART  |b HOL  |c AF  |d 2024-07-23  |l 0  |o B99.Xi4  |p 2024-0651  |r 2024-07-23 00:00:00  |t 702273  |w 2024-07-23  |y BK 
952 |0 0  |1 0  |2 lcc  |4 0  |6 B0099 X I4  |7 0  |9 5411  |a HOL  |b HOL  |c AF  |d 2024-07-23  |l 0  |o B99.Xi4  |p 2024-0652  |r 2024-07-23 00:00:00  |t 702274  |w 2024-07-23  |y BK 
999 |c 2676  |d 2676